The Epistle of St. James: (Record no. 7267)
[ view plain ]
| 000 -LEADER | |
|---|---|
| fixed length control field | 00602nam a22001697a 4500 |
| 003 - CONTROL NUMBER IDENTIFIER | |
| control field | GBCCL |
| 005 - DATE AND TIME OF LATEST TRANSACTION | |
| control field | 20241126110624.0 |
| 008 - FIXED-LENGTH DATA ELEMENTS--GENERAL INFORMATION | |
| fixed length control field | 180720b ||||| |||| 00| 0 eng d |
| 040 ## - CATALOGING SOURCE | |
| Transcribing agency | GBC |
| 082 ## - DEWEY DECIMAL CLASSIFICATION NUMBER | |
| Classification number | 227.910484 |
| Item number | MAY |
| 100 ## - MAIN ENTRY--PERSONAL NAME | |
| Personal name | Mayor, Joseph B. |
| 9 (RLIN) | 8364 |
| 245 ## - TITLE STATEMENT | |
| Title | The Epistle of St. James: |
| Remainder of title | The Greek text with introduction, notes, comments and further studies in the epistle of St. James / |
| Statement of responsibility, etc. | Joseph B. Mayor |
| 260 ## - PUBLICATION, DISTRIBUTION, ETC. | |
| Place of publication, distribution, etc. | Minneapolis: |
| Name of publisher, distributor, etc. | Klock & Klock Christian Publishers, |
| Date of publication, distribution, etc. | 1954. |
| 300 ## - PHYSICAL DESCRIPTION | |
| Extent | viii, ccxci, 264, 41 p. ; |
| Other physical details | 23 cm. |
| 650 ## - SUBJECT ADDED ENTRY--TOPICAL TERM | |
| Source of heading or term | Bible |
| Topical term or geographic name entry element | James |
| Form subdivision | Commentaries |
| 9 (RLIN) | 12864 |
| 942 ## - ADDED ENTRY ELEMENTS (KOHA) | |
| Source of classification or shelving scheme | Dewey Decimal Classification |
| Koha item type | Reference Books |
| Withdrawn status | Lost status | Source of classification or shelving scheme | Damaged status | Not for loan | Home library | Current Library | Shelving location | Date acquired | Total checkouts | Full call number | Barcode | Date last seen | Copy number | Price effective from | Koha item type |
|---|---|---|---|---|---|---|---|---|---|---|---|---|---|---|---|
| Dewey Decimal Classification | GRACE BIBLE COLLEGE | GRACE BIBLE COLLEGE | Commentary | 2018-07-20 | 227.910484 MAY | 000131 | 2025-05-01 | c.1 | 2018-07-20 | Reference Books |